Accounting and finance
| Main Author: | |
|---|---|
| Format: | Book |
| Published: |
London :
ELBS/Holt, Rinehart and Winston ,
1985
|
| Edition: | 2nd ed |
| Subjects: |
MARC
| LEADER | 00000cam a2200000 7i4500 | ||
|---|---|---|---|
| 001 | 0000005146 | ||
| 005 | 20040704093000.0 | ||
| 008 | 021118s1985 | ||
| 020 | |a 0039106373 | ||
| 090 | 0 | 0 | |a HF5635 |b .P39 1985 |
| 100 | 0 | |a Pizzey, Alan , |e author | |
| 245 | 1 | 0 | |a Accounting and finance |c Alan Pizzey |
| 250 | |a 2nd ed | ||
| 260 | 2 | |a London : |b ELBS/Holt, Rinehart and Winston , |c 1985 | |
| 300 | |a 460 p. ; |c 24 cm. | ||
| 504 | |a Includes index | ||
| 650 | 0 | |a Accounting | |
| 999 | |a 1000014993 |b Book |c OPEN SHELF (30 DAYS) |e Gong Badak Campus | ||